[Event "Fall GM Norm Invitational 2020"]
[Site "Charlotte"]
[Date "2020.10.04"]
[Round "8.3"]
[White "Ostrovskiy, Aleksandr"]
[Black "Liang, Jason"]
[Result "1-0"]
[WhiteElo "2427"]
[BlackElo "2367"]
[Annotator "ChessBase"]
[PlyCount "179"]
[EventDate "2020.09.30"]
[EventType "tourn"]
[EventCountry "USA"]
[SourceTitle "playchess.com"]
[Source "ChessBase"]
[SourceQuality "1"]
[TimeControl "5400+30"]

1. e4 {[%emt 1:30:30]} c6 {[%emt 1:30:30]} 2. Nc3 {[%emt 0:00:30]} d5 {[%emt 0:00:30]} 3. Nf3 {[%emt 0:00:30]} g6 {[%emt 0:00:30]} 4. d4 {[%emt 0:00:30]} Bg7 {[%emt 0:00:30]} 5. h3 {[%emt 0:00:30]} dxe4 {[%emt 0:00:30]} 6. Nxe4 {[%emt 0:00:30]} Nf6 {[%emt 0:00:30]} 7. Nxf6+ {[%emt 0:00:30]} exf6 {[%emt 0:00:30]} 8. Bd3 {[%emt 0:00:30]} O-O {[%emt 0:00:30]} 9. O-O {[%emt 0:00:30]} a5 {[%emt 0:00:30]} 10. Re1 {[%emt 0:00:30]} Na6 {[%emt 0:00:30]} 11. c3 {[%emt 0:00:30]} Nc7 {[%emt 0:00:30]} 12. Bf4 {[%emt 0:00:30]} Nd5 {[%emt 0:00:30]} 13. Bh2 {[%emt 0:00:30]} a4 {[%emt 0:00:30]} 14. c4 {[%emt 0:00:30]} Nb4 {[%emt 0:00:30]} 15. Bf1 {[%emt 0:00:30]} a3 {[%emt 0:00:30]} 16. Qb3 {[%emt 0:00:30]} axb2 {[%emt 0:00:30]} 17. Qxb2 {[%emt 0:00:30]} Na6 {[%emt 0:00:30]} 18. Rad1 {[%emt 0:00:30]} Re8 {[%emt 0:00:30]} 19. Rxe8+ {[%emt 0:00:30]} Qxe8 {[%emt 0:00:30]} 20. d5 {[%emt 0:00:30]} Qd8 {[%emt 0:00:30]} 21. Qd4 {[%emt 0:00:30]} c5 {[%emt 0:00:30]} 22. Qb2 {[%emt 0:00:30]} b6 {[%emt 0:00:30]} 23. a3 {[%emt 0:00:30]} Nb8 {[%emt 0:00:30]} 24. Re1 {[%emt 0:00:30]} Nd7 {[%emt 0:00:30]} 25. Qb3 {[%emt 0:00:30]} Ba6 {[%emt 0:00:30]} 26. Nd2 {[%emt 0:00:30]} f5 {[%emt 0:00:30]} 27. Nf3 Qf8 {[%emt 0:00:30]} 28. Qa4 {[%emt 0:01:00]} Qd8 {[%emt 0:00:30]} 29. Qc6 {[%emt 0:00:30]} Rc8 {[%emt 0:00:30]} 30. Qa4 {[%emt 0:00:30]} Ra8 {[%emt 0:00:30]} 31. Qc6 {[%emt 0:00:30]} Rc8 {[%emt 0:00:30]} 32. Qd6 {[%emt 0:00:30]} Bf8 {[%emt 0:00:30]} 33. Qf4 {[%emt 0:00:30]} Qf6 {[%emt 0:00:30]} 34. Ne5 {[%emt 0:00:30]} Nxe5 {[%emt 0:00:30]} 35. Qxe5 {[%emt 0:00:30]} Qxe5 {[%emt 0:00:30]} 36. Bxe5 {[%emt 0:00:30]} Re8 {[%emt 0:00:30]} 37. f4 {[%emt 0:00:30]} f6 {[%emt 0:00:30]} 38. Bc3 {[%emt 0:00:30]} Rxe1 {[%emt 0:00:30]} 39. Bxe1 {[%emt 0:00:30]} Bd6 {[%emt 0:00:30]} 40. g3 {[%emt 0:00:30]} Kf7 {[%emt 0:00:30]} 41. Kf2 {[%emt 0:00:30]} Ke7 {[%emt 0:00:30]} 42. Bc3 {[%emt 0:00:30]} Bc8 {[%emt 0:00:30]} 43. Bd3 {[%emt 0:00:30]} Bd7 {[%emt 0:00:30]} 44. Bc2 {[%emt 0:00:30]} Kf7 {[%emt 0:00:30]} 45. Ke3 {[%emt 0:00:30]} g5 {[%emt 0:00:30]} 46. Bd1 {[%emt 0:00:30]} Kg6 {[%emt 0:00:30]} 47. a4 {[%emt 0:00:30]} Bc7 {[%emt 0:00:30]} 48. Bd2 {[%emt 0:00:30]} Bc8 {[%emt 0:00:30]} 49. Kd3 {[%emt 0:00:30]} Bd7 {[%emt 0:00:30]} 50. Kc3 {[%emt 0:00:30]} h6 {[%emt 0:00:30]} 51. Kb3 {[%emt 0:00:30]} h5 {[%emt 0:00:30]} 52. h4 {[%emt 0:00:30]} g4 {[%emt 0:00:30]} 53. Be3 {[%emt 0:00:30]} Bd6 {[%emt 0:00:30]} 54. Bc2 {[%emt 0:00:30]} Kf7 {[%emt 0:00:30]} 55. a5 {[%emt 0:00:30]} bxa5 {[%emt 0:00:30]} 56. Ka3 {[%emt 0:00:30]} Ke7 {[%emt 0:00:30]} 57. Ba4 {[%emt 0:00:30]} Bc8 {[%emt 0:00:30]} 58. Bb5 {[%emt 0:00:30]} Kd8 {[%emt 0:00:30]} 59. Ka4 {[%emt 0:00:30]} Bb7 {[%emt 0:00:30]} 60. Bd2 {[%emt 0:00:30]} Ke7 {[%emt 0:00:30]} 61. Bxa5 {[%emt 0:00:30]} Bc8 {[%emt 0:00:30]} 62. Bb6 {[%emt 0:00:30]} Bb7 {[%emt 0:00:30]} 63. Ba7 {[%emt 0:00:30]} Bc8 {[%emt 0:00:30]} 64. Ka5 {[%emt 0:00:30]} Bc7+ {[%emt 0:00:30]} 65. Bb6 {[%emt 0:00:30]} Bd6 {[%emt 0:00:30]} 66. Bc6 {[%emt 0:00:30]} Kf7 {[%emt 0:00:30]} 67. Kb5 {[%emt 0:00:30]} Kg6 {[%emt 0:00:30]} 68. Bxc5 {[%emt 0:00:30]} Ba6+ {[%emt 0:00:30]} 69. Kb6 {[%emt 0:00:30]} Bxc4 {[%emt 0:00:30]} 70. Bxd6 {[%emt 0:00:30]} Kh7 {[%emt 0:00:30]} 71. Kc5 {[%emt 0:00:30]} Ba2 {[%emt 0:00:30]} 72. Be8 {[%emt 0:00:30]} Kh6 {[%emt 0:00:30]} 73. Bf8+ {[%emt 0:00:30]} Kh7 {[%emt 0:00:30]} 74. Bf7 {[%emt 0:00:30]} Bxd5 {[%emt 0:00:30]} 75. Kxd5 {[%emt 0:00:30]} Kh8 {[%emt 0:00:30]} 76. Ke6 {[%emt 0:00:30]} Kh7 {[%emt 0:00:30]} 77. Kxf6 {[%emt 0:00:30]} Kh8 {[%emt 0:00:30]} 78. Kxf5 {[%emt 0:00:30]} Kh7 {[%emt 0:00:30]} 79. Kg5 {[%emt 0:00:30]} Kh8 {[%emt 0:00:30]} 80. Kxh5 {[%emt 0:00:30]} Kh7 {[%emt 0:00:30]} 81. Kxg4 {[%emt 0:00:30]} Kh8 {[%emt 0:00:30]} 82. Kf5 {[%emt 0:00:30]} Kh7 {[%emt 0:00:30]} 83. Kf6 {[%emt 0:00:30]} Kh8 {[%emt 0:00:30]} 84. g4 {[%emt 0:00:30]} Kh7 {[%emt 0:00:30]} 85. g5 {[%emt 0:00:30]} Kh8 {[%emt 0:00:30]} 86. h5 {[%emt 0:00:30]} Kh7 {[%emt 0:00:30]} 87. g6+ {[%emt 0:00:30]} Kh8 {[%emt 0:00:30]} 88. g7+ {[%emt 0:00:30]} Kh7 {[%emt 0:00:30]} 89. g8=B+ {[%emt 0:00:30]} Kh8 {[%emt 0:00:30]} 90. Bg7# {[%emt 0:00:30]} 1-0

[Event "Fall GM Norm Invitational 2020"]
[Site "Charlotte"]
[Date "2020.10.04"]
[Round "8.4"]
[White "Mista, Aleksander"]
[Black "Daggupati, Balaji"]
[Result "1/2-1/2"]
[WhiteElo "2574"]
[BlackElo "2331"]
[Annotator "TA"]
[PlyCount "87"]
[EventDate "2020.09.30"]
[EventType "tourn"]
[EventCountry "USA"]
[SourceTitle "playchess.com"]
[Source "ChessBase"]
[SourceQuality "1"]

{[%evp 28,87,46,29,33,33,25,19,34,42,59,53,60,0,0,0,0,-79,-92,-137,-119,-159,-20,-103,-68,-77,-65,-160,-150,-132,-29,-35,-39,-50,-21,-21,-18,-143,-9,-36,0,0,0,0,0,0,0,0,0,0,0,0,51,0,0,0,0,0,0,0,0,0]} 1. e4 c5 2. Nf3 Nc6 3. d4 cxd4 4. Nxd4 Nf6 5. Nc3 e5 6. Ndb5 d6 7. Bg5 a6 8. Na3 b5 9. Bxf6 gxf6 10. Nd5 Bg7 11. Bd3 Ne7 12. Nxe7 Qxe7 13. O-O O-O 14. c4 f5 15. Qf3 d5 {B33: Sicilian: Pelikan and Sveshnikov Variations.} 16. cxd5 fxe4 $1 17. Bxe4 {Hoping for d6!} Rb8 18. Rfd1 Qd7 19. d6 $1 Rb6 $1 {[#]} 20. Rac1 $146 (20. Qd3 $14 Bh6 21. Bxh7+ Kg7 22. Be4) ({Predecessor:} 20. Qd3 Rd8 21. Rac1 Bf8 22. Qg3+ Bg7 23. Qh4 Rxd6 24. Bxh7+ Kf8 25. Qb4 Bb7 26. Nc2 {½-½ (37) Noble,M (2560)-Muck,C (2570) ICCF email 2012}) 20... Rxd6 $11 21. Rxd6 Qxd6 22. h4 (22. Rd1 $11 Qe7 23. Nc2) 22... f5 $17 23. Bd5+ Kh8 $1 24. Rc6 Qb4 (24... Qd8 $17 {Threatens to win with ...e4.} 25. Rc5 e4) 25. Nc2 (25. Qc3 $1 $11 {keeps the balance.} Qxc3 26. bxc3) 25... Qxh4 26. Qc3 Bb7 {White must now prevent ...e4.} 27. Rd6 {[#]} (27. Rc5 $15 e4 28. Qe1) 27... e4 $1 28. Qc5 {[#]} Rc8 (28... Be5 $1 $17 29. Rg6 Qh2+ 30. Kf1 Re8) 29. Qb6 $1 $11 Bxd5 30. Rxd5 h6 ({Reject} 30... Bxb2 $6 31. Qxa6 Rg8 32. Qxb5 $16) 31. g3 Qg5 32. Rc5 (32. Ne3 $11 Rc1+ 33. Rd1 Rxd1+ 34. Nxd1) 32... Rf8 (32... Rxc5 $17 33. Qxc5 f4 34. Qxg5 hxg5 35. gxf4 gxf4) 33. Qe6 Qc1+ {[%mdl 64] Double Attack} 34. Kg2 f4 {And now ...Qd1 would win.} 35. Rc8 Qxb2 36. gxf4 Rxc8 37. Qxc8+ Kh7 38. Qf5+ Kg8 39. Qe6+ Kh8 (39... Kh7 $11 40. Qxe4+ Kh8) 40. Qe8+ (40. Ne3 $1 $14) 40... Kh7 {The position is equal.} 41. Qxe4+ Kh8 42. Qe8+ Kh7 43. Qe4+ Kh8 44. Qe8+ {Accuracy: White = 60%, Black = 64%.} 1/2-1/2

[Event "Fall GM Norm Invitational 2020"]
[Site "Charlotte"]
[Date "2020.10.04"]
[Round "8.5"]
[White "Mishra, Abhimanyu"]
[Black "Niemann, Hans Moke"]
[Result "0-1"]
[WhiteElo "2342"]
[BlackElo "2465"]
[Annotator "ChessBase"]
[PlyCount "112"]
[EventDate "2020.09.30"]
[EventType "tourn"]
[EventCountry "USA"]
[SourceTitle "playchess.com"]
[Source "ChessBase"]
[SourceQuality "1"]
[TimeControl "5400+30"]

1. e4 {[%emt 1:30:30]} e5 {[%emt 1:30:30]} 2. Nf3 {[%emt 0:00:30]} Nc6 {[%emt 0:00:30]} 3. Bc4 {[%emt 0:00:30]} Nf6 {[%emt 0:00:30]} 4. d3 {[%emt 0:00:30]} h6 {[%emt 0:00:30]} 5. c3 {[%emt 0:00:30]} d6 {[%emt 0:00:30]} 6. O-O {[%emt 0:00:30]} g5 {[%emt 0:00:30]} 7. Nbd2 {[%emt 0:00:30]} g4 {[%emt 0:00:30]} 8. Ne1 {[%emt 0:00:30]} h5 {[%emt 0:00:30]} 9. f4 {[%emt 0:00:30]} exf4 {[%emt 0:00:30]} 10. Rxf4 {[%emt 0:00:30]} Bh6 {[%emt 0:00:30]} 11. Rf1 {[%emt 0:00:30]} Qe7 {[%emt 0:00:30]} 12. Nb3 {[%emt 0:00:30]} Ne5 {[%emt 0:00:30]} 13. Bxh6 {[%emt 0:00:30]} Rxh6 {[%emt 0:00:30]} 14. Nd2 {[%emt 0:00:30]} Bd7 {[%emt 0:00:30]} 15. Bb3 {[%emt 0:00:30]} g3 {[%emt 0:00:30]} 16. h3 {[%emt 0:00:30]} Nfg4 {[%emt 0:00:30]} 17. Qe2 {[%emt 0:00:30]} Nh2 {[%emt 0:00:30]} 18. Qe3 {[%emt 0:00:30]} Rh7 {[%emt 0:00:30]} 19. Rf4 {[%emt 0:00:30]} h4 {[%emt 0:00:30]} 20. d4 {[%emt 0:00:30]} Ng6 {[%emt 0:00:30]} 21. Nd3 {[%emt 0:00:30]} O-O-O {[%emt 0:00:30]} 22. Re1 {[%emt 0:00:30]} Re8 {[%emt 0:00:30]} 23. e5 {[%emt 0:00:30]} Nxf4 {[%emt 0:00:30]} 24. Nxf4 {[%emt 0:00:30]} c6 {[%emt 0:00:30]} 25. Nc4 {[%emt 0:00:30]} d5 {[%emt 0:00:30]} 26. Nd6+ {[%emt 0:00:30]} Qxd6 {[%emt 0:00:30]} 27. exd6 {[%emt 0:00:30]} Rxe3 {[%emt 0:00:30]} 28. Rxe3 Rh6 {[%emt 0:00:30]} 29. Ne2 {[%emt 0:01:00]} Re6 {[%emt 0:00:30]} 30. Rxe6 {[%emt 0:00:30]} Bxe6 {[%emt 0:00:30]} 31. Bc2 {[%emt 0:00:30]} Kd7 {[%emt 0:00:30]} 32. Nf4 {[%emt 0:00:30]} Kxd6 {[%emt 0:00:30]} 33. b4 {[%emt 0:00:30]} b5 {[%emt 0:00:30]} 34. a4 {[%emt 0:00:30]} bxa4 {[%emt 0:00:30]} 35. Bxa4 {[%emt 0:00:30]} Bf5 {[%emt 0:00:30]} 36. Bb3 {[%emt 0:00:30]} Be6 {[%emt 0:00:30]} 37. Ba4 {[%emt 0:00:30]} Bc8 {[%emt 0:00:30]} 38. Bd1 {[%emt 0:00:30]} Ba6 {[%emt 0:00:30]} 39. Be2 {[%emt 0:00:30]} Bxe2 {[%emt 0:00:30]} 40. Nxe2 {[%emt 0:00:30]} Ke6 {[%emt 0:00:30]} 41. Nc1 {[%emt 0:00:30]} Kf5 {[%emt 0:00:30]} 42. Nb3 {[%emt 0:00:30]} Ke4 {[%emt 0:00:30]} 43. Na5 {[%emt 0:00:30]} f5 {[%emt 0:00:30]} 44. Nxc6 {[%emt 0:00:30]} f4 {[%emt 0:00:30]} 45. b5 {[%emt 0:00:30]} f3 {[%emt 0:00:30]} 46. gxf3+ {[%emt 0:00:30]} Nxf3+ {[%emt 0:00:30]} 47. Kf1 {[%emt 0:00:30]} Ng5 {[%emt 0:00:30]} 48. Ne5 {[%emt 0:00:30]} Nxh3 {[%emt 0:00:30]} 49. Ng6 {[%emt 0:00:30]} g2+ {[%emt 0:00:30]} 50. Kxg2 {[%emt 0:00:30]} Nf4+ 51. Nxf4 {[%emt 0:00:30]} Kxf4 {[%emt 0:01:00]} 52. Kh3 {[%emt 0:00:30]} Ke4 {[%emt 0:00:30]} 53. Kxh4 {[%emt 0:00:30]} Kd3 {[%emt 0:00:30]} 54. Kg4 {[%emt 0:00:30]} Kxc3 {[%emt 0:00:30]} 55. Kf5 {[%emt 0:00:30]} Kxd4 {[%emt 0:00:30]} 56. Ke6 {[%emt 0:00:30]} Kc5 0-1

[Event "Fall GM Norm Invitational 2020"]
[Site "Charlotte"]
[Date "2020.10.05"]
[Round "9.1"]
[White "Fernandez, Daniel"]
[Black "Gauri, Shankar"]
[Result "1/2-1/2"]
[WhiteElo "2470"]
[BlackElo "2353"]
[Annotator "TA"]
[PlyCount "45"]
[EventDate "2020.09.30"]
[EventType "tourn"]
[EventCountry "USA"]
[SourceTitle "playchess.com"]
[Source "ChessBase"]
[SourceQuality "1"]

{[%evp 18,45,0,0,0,-6,0,-46,-54,-29,-48,-45,-48,-100,-100,-102,-87,-110,0,-83,-29,-120,-50,-49,0,-123,0,-41,0,-122]} 1. e4 e5 2. Nf3 Nc6 3. Bb5 Nf6 4. O-O Nxe4 5. Re1 Nd6 6. Nxe5 Be7 7. Bd3 Nxe5 8. Rxe5 O-O 9. Nc3 c6 10. b3 Ne8 {C67: Ruy Lopez: Berlin Defence: 4 0-0 Nxe4.} 11. Bb2 d5 12. Qh5 {[%csl Gd3][%cal Rh5h7]} Nf6 {Black is slightly better.} 13. Qh4 Be6 14. Rae1 g6 {Strongly threatening ...Ng4.} 15. Rxe6 ({White should try} 15. Qd4 $1 $15) 15... fxe6 $17 16. Rxe6 {[#]} Rf7 $1 17. Ne2 {[#]} Qf8 $146 (17... Nh5 $1 $17 18. Qg4 (18. Qd4 $2 Bf6 $19) 18... Bf6 19. Bxf6 Rxf6 20. Rxf6 Qxf6) ({Predecessor:} 17... Nh5 18. Qh3 Bf6 19. Bxf6 Nxf6 20. Qe3 Qa5 21. a4 Qb4 22. Nf4 Ng4 23. Re8+ Rxe8 24. Qxe8+ {0-1 (74) Behling,H (2373)-Baroin,B (2272) ICCF email 2006}) 18. Qh3 (18. g4 $11 Ne4 19. Rxg6+ Rg7 20. Rxg7+ Qxg7 21. Bxg7 Bxh4 22. Bd4) 18... Re8 (18... Ba3 $17 19. Be5 Re8) 19. Be5 (19. Qg3 $11 {keeps the balance.}) 19... Bd8 ({Black should play} 19... Bc5 $17 {...Nh5 is the strong threat.} 20. Nf4 Rxe6 21. Qxe6 (21. Nxe6 Qe7 $17) 21... Qe7 22. Qxe7 Bxe7) 20. Bd6 $1 $15 {[%cal Rd6f8]} Be7 (20... Qg7 $15) 21. Be5 $17 Bd8 ({Better is} 21... Bc5 $17 {White must now prevent ...Nh5.} 22. Nf4 Rxe6 23. Qxe6 (23. Nxe6 Qe7 $17) 23... Qe7 24. Qxe7 Bxe7) 22. Bd6 $1 $15 {[%cal Rd6f8]} Be7 (22... Qg7 $15) 23. Be5 {Accuracy: White = 64%, Black = 67%.} 1/2-1/2

[Event "Fall GM Norm Invitational 2020"]
[Site "Charlotte"]
[Date "2020.10.05"]
[Round "9.2"]
[White "Daggupati, Balaji"]
[Black "Mishra, Abhimanyu"]
[Result "1/2-1/2"]
[WhiteElo "2331"]
[BlackElo "2342"]
[Annotator "TA"]
[PlyCount "90"]
[EventDate "2020.09.30"]
[EventType "tourn"]
[EventCountry "USA"]
[SourceTitle "playchess.com"]
[Source "ChessBase"]
[SourceQuality "1"]

{[%evp 24,90,12,0,0,0,0,3,16,-42,-29,-31,0,0,0,0,0,0,0,6,26,24,35,37,70,48,29,24,29,31,32,24,7,0,24,24,32,-8,-8,-8,0,0,0,0,0,-10,41,35,108,112,536,545,537,538,505,514,476,427,416,389,512,432,563,550,452,0,0,0,0]} 1. e4 c5 2. Nc3 d6 3. Nf3 Nf6 4. d4 cxd4 5. Nxd4 a6 6. Bc4 e6 7. Bb3 b5 8. O-O Be7 9. Qf3 Qc7 10. Qg3 O-O 11. Bh6 Ne8 12. Rad1 Bd7 13. f4 {Strongly threatening f5.} Nc6 {B87: Sicilian Scheveningen/Najdorf: 6 Bc4, with early ...b5.} 14. Nxc6 Bxc6 15. f5 Kh8 $1 16. fxe6 (16. f6 $1 $11 Bxf6 17. Rxf6 $1 {[%mdl 512]}) 16... gxh6 $15 17. exf7 {Qg8+ would kill now.} Ng7 18. Nd5 Bxd5 19. Rxd5 {[#]} Rad8 $146 ({Predecessor:} 19... Rac8 20. Kh1 Qb6 21. Qh3 Rc5 22. Qxh6 Rxd5 23. Bxd5 Qd4 24. g4 Qe5 25. c3 Bg5 {½-½ (32) Farfan Ortiz,E (2256)-Olivares Olivares,C (2234) Santiago de Chile 2014}) 20. c3 Rd7 21. Rd3 Qc5+ 22. Kh1 Qh5 23. Bd5 {[%mdl 1024] White has compensation.} Rdd8 24. Qe3 Qg5 25. Qa7 {Rg3 is the strong threat.} Bf6 $1 26. Rg3 Qh4 27. Rh3 Qg5 28. Qxa6 Be5 29. Qxb5 {Threatening Rhf3.} Nh5 $1 30. Qb6 Nf6 31. Qf2 $132 {[%mdl 2048] White is not holding back} Nxd5 32. exd5 Rd7 33. Rf3 Qh5 {[%csl Ge5][%cal Rh5h2]} 34. g3 Kg7 (34... Qg4 $11) 35. a4 $14 {And now Rf5 would win.} Qg4 {[#]} (35... Kh8 $1 $14) 36. Rf4 $1 $16 {[%cal Rf4g4][%mdl 64] Deflection} Bxf4 $4 {[%mdl 8192]} (36... Qg5 $16 {is a better chance.} 37. Rf5 Qd8) 37. Qd4+ $18 {[%mdl 64] Pin} Kg6 38. Rxf4 {White wants to mate with Qf6+.} Qg5 39. Rg4 Rdxf7 40. Rxg5+ hxg5 {KQ-KRR} 41. a5 Rf2 42. c4 Kh6 43. h4 g4 {intending ...Re2.} 44. Kg1 $2 (44. Qe3+ $18 Kg7 45. Qd4+ Kh6 46. Kg1) 44... Re2 $1 $11 45. Qxg4 {[%csl Gh4][%cal Rg4g5]} Rg2+ {Accuracy: White = 89%, Black = 66%.} 1/2-1/2

[Event "Fall GM Norm Invitational 2020"]
[Site "Charlotte"]
[Date "2020.10.05"]
[Round "9.3"]
[White "Liang, Jason"]
[Black "Mista, Aleksander"]
[Result "0-1"]
[WhiteElo "2367"]
[BlackElo "2574"]
[Annotator "ChessBase"]
[PlyCount "84"]
[EventDate "2020.09.30"]
[EventType "tourn"]
[EventCountry "USA"]
[SourceTitle "playchess.com"]
[Source "ChessBase"]
[SourceQuality "1"]
[TimeControl "5400+30"]

1. e4 {[%emt 1:30:30]} e5 {[%emt 1:30:30]} 2. Nf3 {[%emt 0:00:30]} Nc6 {[%emt 0:00:30]} 3. Bb5 {[%emt 0:00:30]} a6 {[%emt 0:00:30]} 4. Ba4 {[%emt 0:00:30]} Nf6 {[%emt 0:00:30]} 5. d3 {[%emt 0:00:30]} d6 {[%emt 0:00:30]} 6. c4 {[%emt 0:00:30]} Be7 {[%emt 0:00:30]} 7. Nc3 {[%emt 0:00:30]} O-O {[%emt 0:00:30]} 8. h3 {[%emt 0:00:30]} Nd7 {[%emt 0:00:30]} 9. O-O {[%emt 0:00:30]} Nc5 {[%emt 0:00:30]} 10. Bxc6 {[%emt 0:00:30]} bxc6 {[%emt 0:00:30]} 11. d4 {[%emt 0:00:30]} exd4 {[%emt 0:00:30]} 12. Nxd4 {[%emt 0:00:30]} Bd7 {[%emt 0:00:30]} 13. Be3 {[%emt 0:00:30]} Bf6 {[%emt 0:00:30]} 14. Qc2 {[%emt 0:00:30]} a5 {[%emt 0:00:30]} 15. Rad1 {[%emt 0:00:30]} Qb8 {[%emt 0:00:30]} 16. Nde2 {[%emt 0:00:30]} Qb4 {[%emt 0:00:30]} 17. b3 {[%emt 0:00:30]} Rfe8 {[%emt 0:00:30]} 18. Rb1 {[%emt 0:00:30]} g6 {[%emt 0:00:30]} 19. Rfd1 {[%emt 0:00:30]} Bg7 {[%emt 0:00:30]} 20. Bd4 {[%emt 0:00:30]} f5 {[%emt 0:00:30]} 21. Bxg7 {[%emt 0:00:30]} Kxg7 {[%emt 0:00:30]} 22. Qb2 {[%emt 0:00:30]} Kg8 {[%emt 0:00:30]} 23. exf5 {[%emt 0:00:30]} Bxf5 {[%emt 0:00:30]} 24. Ra1 {[%emt 0:00:30]} a4 {[%emt 0:00:30]} 25. Nd4 {[%emt 0:00:30]} axb3 {[%emt 0:00:30]} 26. axb3 {[%emt 0:00:30]} Rxa1 {[%emt 0:00:30]} 27. Qxa1 {[%emt 0:00:30]} Nxb3 {[%emt 0:00:30]} 28. Qb2 {[%emt 0:00:30]} Qxc4 {[%emt 0:00:30]} 29. Nxb3 {[%emt 0:00:30]} Rb8 {[%emt 0:00:30]} 30. g4 {[%emt 0:00:30]} Rxb3 {[%emt 0:00:30]} 31. Qa2 {[%emt 0:00:30]} Rxc3 {[%emt 0:00:30]} 32. Qa8+ {[%emt 0:00:30]} Kg7 {[%emt 0:00:30]} 33. gxf5 {[%emt 0:00:30]} Rxh3 {[%emt 0:00:30]} 34. f6+ {[%emt 0:00:30]} Kh6 {[%emt 0:00:30]} 35. Qf8+ {[%emt 0:00:30]} Kg5 {[%emt 0:00:30]} 36. Qc8 {[%emt 0:00:30]} Qh4 {[%emt 0:00:30]} 37. Rd2 {[%emt 0:00:30]} Rh1+ {[%emt 0:00:30]} 38. Kg2 {[%emt 0:00:30]} Re1 {[%emt 0:00:30]} 39. f4+ {[%emt 0:00:30]} Qxf4 {[%emt 0:00:30]} 40. Rf2 {[%emt 0:00:30]} Qe4+ {[%emt 0:00:30]} 41. Rf3 {[%emt 0:00:30]} Re2+ {[%emt 0:00:30]} 42. Kg1 {[%emt 0:00:30]} Qxf3 {[%emt 0:00:30]} 0-1